State-owned enterprises as global competitors <a> challenge or an opportunity?
Salvato in:
| Natura: | Libro |
|---|---|
| Lingua: | inglese |
| Pubblicazione: |
Paris
OECD
2016
|
| Soggetti: | |
| Tags: |
Nessun Tag, puoi essere il primo ad aggiungerne!!
|
MARC
| LEADER | 00000nam$a2200000$$$4500 | ||
|---|---|---|---|
| 001 | 0230510 | ||
| 005 | 20221107101235.5 | ||
| 020 | |a 978-92-64-26136-5 | ||
| 041 | 0 | |a eng | |
| 044 | |a FR | ||
| 245 | 1 | 0 | |a State-owned enterprises as global competitors |b <a> challenge or an opportunity? |
| 264 | 1 | |a Paris |b OECD |c 2016 | |
| 300 | |a 175 s. | ||
| 610 | 2 | 0 | |a podnik štátny |
| 610 | 2 | 0 | |a internacionalizácia |
| 610 | 2 | 0 | |a konkurencia |
| 610 | 2 | 0 | |a investície |
| 610 | 2 | 0 | |a prognózy |
| 610 | 2 | 0 | |a politika obchodná |
| 610 | 2 | 0 | |a investície priame zahraničné |
| 610 | 2 | 0 | |a priemysel |
| 610 | 2 | 0 | |a regulácia |
| 610 | 2 | 0 | |a legislatíva |
| 610 | 2 | 0 | |a správa podniku |